000 00696nam a2200217Ia 4500
003 GCL
008 140319s9999 xx 000 0 ara d
040 _aGCL /
_cGCL
082 0 4 _a301.21
_bح ا
100 1 _aحسن الضيقة
245 1 0 _aفى الاجتماع الاسلامى المعاصر: مسائل وموضوعات /
_cحسن الضيقة
260 _a[S.N] :
_bدار الايمان ،
_c1993
300 _a152 ص
490 _a
650 0 4 _aالتاريخ الاسلامى
650 0 4 _aالاجتماع الاسلامى
650 0 4 _aالانثربولوجيا
650 0 4 _aالحضارة الاسلامية
650 0 4 _aالاجتماع، علم
942 _2ddc
_cBK
999 _c28137
_d28137